| 000 | 00000nam##2200000za#4500 |
| 001 | 9.587714 |
| 003 | CaOODSP |
| 005 | 20210624194752 |
| 007 | cr ||||||||||| |
| 008 | 150406|2007||||xxc|||||o f|0| 0 fre|d |
| 022 | |a1701-1280 |
| 040 | |aCaOODSP|bfre |
| 041 | |aeng |
| 041 | |afre |
| 043 | |an-cn--- |
| 086 | 1 |aFs70-4/2007-032-PDF |
| 110 | 1 |aCanada. |bMinistère des pêches et des océans. |
| 245 | 10|aCompte rendu de l'examen par des pairs national de l'évaluation du débit minimal requis dans le cours inférieur de la rivière Athabasca et du cadre de gestion de l'eau : |h[ressource électronique]|bles 14 et 15 mars 2007, Winnipeg, Man. / |c[par] Jake Rice et Dennis Wright. |
| 260 | |aOttawa - Ontario : |bPêches et Océans Canada |cMars 2008. |
| 300 | |a118p.|bcartes en couleur, figures (certaines en couleur), graphiques, références, tableaux |
| 490 | 1 |aSecrétariat canadien de consultation scientifique, série des comptes rendus|x1701-1280|v2007/032 |
| 590 | |a11-32-Supp|b2011-12-20 |
| 720 | 1 |aRice, Jake |
| 720 | 1 |aWright, Dennis |
| 791 | |tProceedings of the national peer review of the lower Athabasca River instream flow assessment and water management framework : |eeng|w(CaOODSP)9.587713 |
| 830 | #0|aCompte rendu (Secrétariat canadien de consultation scientifique)|x1701-1280|v2007/032|w(CaOODSP)9.500508 |
| 856 | 40|ahttp://publications.gc.ca|qPDF|s1.14 Mo|uhttps://publications.gc.ca/collections/collection_2011/mpo-dfo/Fs70-4-2007-032.pdf|y2007/032 |